Statistics for College Football Matchups: Vanderbilt

Click here to take the quiz!

General Stats

  • This quiz has been taken 45 times
    (40 since last reset)
  • The average score is 11 of 16

Answer Stats

# of GamesOpponentLast Meeting% Correct
85Alabama09/24/2022
92%
83Georgia10/14/2023
92%
118Tennessee11/25/2023
92%
57Florida10/07/2023
88%
96Kentucky09/23/2023
88%
24Mississippi State10/23/2021
88%
98Ole Miss10/28/2023
88%
32LSU10/03/2020
83%
44Auburn11/04/2023
79%
33South Carolina11/11/2023
79%
38Georgia Tech09/17/2016
67%
19Middle Tennessee09/01/2018
54%
48Tulane11/18/1989
50%
19Chattanooga09/06/2003
38%
21Virginia11/01/1975
38%
18Wake Forest09/09/2023
33%

Score Distribution

Percentile by Number Answered

Percent of People with Each Score

Your Score History

You have not taken this quiz since the last reset